000 00676nam a2200217 u 4500
005 20240823063913.0
008 100707s2007 es r 000 0 spa d
020 _a9788426366269
035 _aUPN01000177191
049 _aCG
050 4 _aPQ7798.13 A7.3
_bJ8.7
100 1 _aCarreras de Sosa, Lydia MarĂ­a,
_d1949-
_937502
245 1 3 _aEl juramento de los Centenera /
_cLydia Carreras de Sosa.
260 _aZaragoza, Esp. :
_bEdelvives,
_c2007.
300 _a188 p.
440 0 _aAlandar ;
_v99
586 _aVII Premio Alandar de Narrativa Juvenil
650 4 _aNovela argentina
_ySiglo XX
_915400
650 0 _aLiteratura juvenil argentina
_912413
905 _aLibro
999 _c149294
_d149294